000 01220nam0a22002891 4500
001 rc\3539283
005 20260408082821.0
021 _aRU
_b74-83512
021 _aRU
_bРг12178-74
035 _a(NLR Aleph) 007632966
090 _a6042955
_c6042955
100 _a20130115d1974 |||y0rusy50 ca
101 0 _arus
102 _aRU
105 _ay z |||||
200 1 _aВоенно-спортивная игра на местности "Рубеж"
_e(Метод. рекомендации)
_fЦентр. дет. экскурс.-туристическая станция М-ва прос. РСФСР
210 _aМосква
_cБ. и.
_d1974
215 _a32 с.
_d22
225 1 _aВ помощь организаторам военно-спортивных игр "Зарница" и "Орленок"
320 _aБиблиогр.: с. 32
532 1 3 _aВоенно-спортивная игра на местности Рубеж
712 0 2 _aЦентральная детская экскурсионно-туристская станция
_cМосква
_3RU\NLR\AUTH\8810153625
_9802376
801 0 _aRU
_bNLR
_gpsbo
801 1 _aRU
_bELAR
_2rusmarc
852 _aNLR
_j74-6/3487
942 _cBOOK
980 _aNB